000 00247nam a2200109Ia 4500
008 220204s9999 xx 000 0 und d
082 _a629.113
_bCOL
100 _aCollins, A T
245 0 _aCar care
260 _aLondon
_bNewnes
_c1964
942 _cBK
999 _c20644
_d20644